Guía frutícola / Dirección Técnica, Servicio de Fruticultura de los Servicios Técnicos de Agricultura de la Excma. Diputación Provincial de Barcelona
Descripción Física:
28 p., 2 p. de làm. ; 20 cm
Materias:
Arbres fruiters -- Catàlegs
MARC
| LEADER | 00000nam a2200000Ia 4500 | ||
|---|---|---|---|
| 001 | 6152 | ||
| 003 | BGR | ||
| 005 | 20260324175324.0 | ||
| 008 | 160829s9999 xx 000 0 cat d | ||
| 080 | |a FU-7-24 | ||
| 245 | |a Guía frutícola / Dirección Técnica, Servicio de Fruticultura de los Servicios Técnicos de Agricultura de la Excma. Diputación Provincial de Barcelona | ||
| 260 | |a Barcelona : |b [el Servei], DL 1963 | ||
| 300 | |a 28 p., 2 p. de làm. ; |c 20 cm | ||
| 650 | |a Arbres fruiters |x Catàlegs |9 26871 | ||
| 710 | 1 | |a Barcelona (Catalunya : Província). |b Diputació |b Servei de Fruticultura |9 52408 | |
| 901 | |a Arxiu | ||
| 942 | |n 1 |2 udc |c MON | ||
| 952 | |0 0 |1 0 |4 0 |6 FU724 |7 1 |9 44183 |a Arxiu |b Arxiu |d 2016-12-01 |l 0 |o FU-7-24 |p 6152 |r 2016-12-01 00:00:00 |w 2016-12-01 |y ARXIU | ||
| 999 | |c 46763 |d 46763 | ||